000 00781nam a2200193Ii 4500
003 JO-AjNU
008 230605s9999||||xx |||||||||||||| ||und||
040 _aJO-AjNU
_bara
_erda
_cJO-AjNU
041 _aara
050 1 4 _aZ599.K4212 1979
100 3 _aتاليف كنت ، الن ؛ ترجمة حشمت قاسم ، شوقي سالم؛ مراجعة احمد بدر ,
_eauthor
_939651
245 0 0 _aالحاسبات الالكترونية واختزان المعلومات واسترجاعها
264 3 1 _aالكويت : وكالة المطبوعات، 1979
300 _a484ص
336 _atext
_btxt
_2rdacontent
337 _aunmediated
_bn
_2rdamedia
338 _avolume
_bnc
_2rdacarrier
650 4 _aالمكتبات -اتمتتة-تنظيم المعلومات
_939652
999 _aA16764
_c20332
_d20332